000 00978cam a22003618a 4500
003 DLC
005 20241220103339.0
008 030514s2003 nyu 000 1 eng
001 2003052217
010 _a 2003052217
020 _a0425191729
035 _a(Sirsi) i9780425191729
040 _aDLC
_cDLC
043 _aa-cc---
050 0 0 _aPS3553.U75
_bG65 2003
082 0 0 _a813/.54
_221
082 _aCUS
092 _aCUS
100 1 _aCussler, Clive.
_914580
245 1 0 _aGolden Buddha /
_cClive Cussler and Craig Dirgo.
260 _aNew York :
_bBerkley Books,
_c2003.
263 _a0310
300 _ap. cm.
650 0 _aInternational relations
_vFiction.
_95674899
650 0 _aPetroleum reserves
_vFiction.
_95753769
650 0 _aShip captains
_vFiction.
_95673823
651 0 _aTibet (China)
_vFiction.
_96498912
655 0 _aSpy stories.
_96090057
700 1 _aDirgo, Craig.
_944423
942 _cBOOK
_026
979 _a268830
998 _aa9992
999 _c4811
_d4811